000 01738cim a2200397 a 4500
999 _c529800
_d529800
001 19477261
003 NUST
005 20191003120326.0
007 sd fsngnnmmned
008 170202s2014 nyunnn| f | eng
010 _a 2017616465
024 3 _a9781478904625
028 0 2 _a2-X0462
_bHachette Audio
038 _awaseem
040 _aDLC
_cDLC
043 _an-us---
050 0 0 _aSDC 78257
082 _a813.54
_bBAL
100 1 _aBaldacci, David.
_96689
245 1 4 _aThe escape
_h[sound recording] /
_cDavid Baldacci.
260 _aNew York :
_bHachette Audio,
_cp2014.
300 _a9 sound discs (ca. 9 hr., 30 min.) :
_bdigital ;
_c4 3/4 in.
306 _a093000
500 _aCompact discs.
500 _aAbridged.
511 0 _aRead by Ron McLarty with Orlagh Cassidy.
520 _aJohn Puller's older brother, Robert, was convicted of treason. His inexplicable escape from prison makes him the most wanted criminal in the country. Some in the government believe that John Puller represents their best chance at capturing Robert alive, and so Puller must bring in his brother to face justice. But Puller quickly discovers that his brother is pursued by others who don't want him to survive. Puller is in turn pushed into an uneasy, fraught partnership with another agent, who may have an agenda of her own.
610 1 0 _aUnited States.
_bArmy Criminal Investigation Command
_vFiction.
_922626
650 0 _aEscaped prisoners
_vFiction.
_922627
650 0 _aBrothers
_vFiction.
_98009
655 7 _aSuspense fiction.
_2gsafd
_94577
655 7 _aMystery fiction.
_2gsafd
_95621
906 _a7
_bcbc
_corignew
_d3
_encip
_f20
_gy-soundrec
942 _2ddc
_cBK